Contaminación acuática en Panamá (Record no. 64939)

MARC details
000 -CABECERA
campo de control de longitud fija 00492nam a2200181 a 4500
005 - FECHA Y HORA DE LA ÚLTIMA TRANSACCIÓN
campo de control 20210219152949.0
008 - ELEMENTOS DE LONGITUD FIJA--INFORMACIÓN GENERAL
campo de control de longitud fija 991125n 000 0 u
035 ## - NÚMERO DE CONTROL DEL SISTEMA
Número de control de sistema UPN01000069337
100 ## - ASIENTO PRINCIPAL--NOMBRE PERSONAL
Nombre de persona D'CROZ, Luis
222 ## - TÍTULO CLAVE
Título clave REVISTA DEL CONVENIO ANDRES BELLO
245 ## - MENCIÓN DE TÍTULO
Título Contaminación acuática en Panamá
362 ## - FECHAS DE PUBLICACIÓN Y/O DESIGNACIÓN SECUENCIAL
Fecha de publicación y/o designación secuencial 1986 Año 10, no. 29, sep.-dic.
650 ## - ASIENTO SECUNDARIO DE MATERIA - TERMINO TEMATICO
Término de materia o nombre geográfico como elemento de entrada CONTAMINACIÓN DEL AGUA
650 ## - ASIENTO SECUNDARIO DE MATERIA - TERMINO TEMATICO
Término de materia o nombre geográfico como elemento de entrada MEDIO URBANO
650 ## - ASIENTO SECUNDARIO DE MATERIA - TERMINO TEMATICO
Término de materia o nombre geográfico como elemento de entrada PANAMÁ
904 ## - ELEMENTOS DE DATOS D LOCAL, LDD (RLIN)
a AC
b 007148
905 ## - TIPO DE MATERIAL
Tipo de material Articulo

No items available.